| 000 | 00438nam a22001697a 4500 | ||
|---|---|---|---|
| 999 |
_c17265 _d17265 |
||
| 003 | OSt | ||
| 005 | 20181015113650.0 | ||
| 008 | 181015b xxu||||| |||| 00| 0 eng d | ||
| 040 | _cKABU | ||
| 050 |
_aKD1800 _b.S56 2015 c.1 |
||
| 100 | _aSingh, Avtar | ||
| 245 |
_aLaw of carriage _bAir, Land and Sea _cAvtar Singh |
||
| 250 | _a5th ed. | ||
| 260 |
_aNew Delhi _bEastern Book Company _c2015 |
||
| 300 | _alxiv, 486p. | ||
| 942 |
_2lcc _cBK |
||